000 00622nam a2200265Ia 4500
008 160803s9999 xx 000 0 und d
020 _a978-0590554084
100 _aPierce, Tamora
245 _aBriar's book /
245 _cby Tamora Pierce.
260 _aNew York :
260 _bScholastic Inc.
260 _c1999
300 _a258 pages ;
300 _c22 cm.
440 _aCircle of magic ;
440 _vbk. 4.
650 _aFriendship --
650 _aMagic --
650 _aMagic --
650 _xFiction.
650 _xJuvenile fiction.
650 _xJuvenile fiction.
700 _a730
999 _c298601
_d298601